| 000 | 00698nam a2200241Ia 4500 | ||
|---|---|---|---|
| 003 | OSt | ||
| 005 | 20220928112105.0 | ||
| 006 | a|||||r|||| 00| 0 | ||
| 007 | ta | ||
| 008 | 220927b |||||||| |||| 00| 0 eng d | ||
| 024 | _a51519 | ||
| 037 | _cTextual | ||
| 040 |
_aSDCL _cSDCL _beng |
||
| 041 |
_2eng _aeng |
||
| 082 | _aV73:2'N7, L6 | ||
| 100 |
_aEckhardt Bob _9426315 |
||
| 245 | 0 |
_aTides of power _b Conversations on the American constitution |
|
| 260 |
_aNew Haven _b Yale University Press _c1976 |
||
| 300 |
_aix,225p _ccm. |
||
| 700 |
_a Black Charles L _9426316 |
||
| 942 |
_hV73:2'N7, L6 _cTEXL _2CC |
||
| 999 |
_c743284 _d743284 |
||